| 000 | 01681nam a2200361 c 4500 | ||
|---|---|---|---|
| 003 | BLK | ||
| 005 | 20240405005331.0 | ||
| 008 | 180412b bul|||||r ||||||| ||bul|| | ||
| 010 | _aKNG00016178000 | ||
| 020 |
_a954-8560-21-6 _bиздат.: Парнас |
||
| 040 | _aBLK | ||
| 041 |
_aBUL _cBUL |
||
| 080 |
_aСоциография. Социално положение. Условия на политическия и социалния живот. Социално и социално-икономическо положение на отделните страни, народи, раси. Социална география. (Общи въпроси) _b308 _x(44)(035) _z308(44)(035) |
||
| 100 |
_aДойков, Васил Георгиев _gГеограф, краевед, писател _d1930-2018 _9364377 |
||
| 139 |
_aФранция _bФ 78 |
||
| 245 | 1 | 0 |
_aФранция _bСтрана атлантическа и средиземноморска _cВасил Георгиев Дойков. |
| 257 | _aBGR | ||
| 260 |
_аРусе _bПарнас _c1996 |
||
| 300 |
_a112 с. _bс к. _c20 см |
||
| 380 | _a3 | ||
| 490 | 1 |
_aМалка географска библиотека _vN 2 |
|
| 500 | _aДруги авт.: Ст. Дерменджиева, Ат. Дерменджиев, Р. Янков. - 2 250 тир. | ||
| 650 | 4 |
_aФранция - справочници _9259315 |
|
| 651 | 4 |
_aФранция _9179722 |
|
| 653 | _aФранция | ||
| 653 | _aсправочници | ||
| 852 | _aЦб 191295 | ||
| 856 | 4 |
_qpdf _u |
|
| 856 | 4 |
_qpdf _u |
|
| 942 |
_cKNG _n0 |
||
| 944 |
_aCR _c15.01.2003 _lCRON CRON _k |
||
| 944 |
_aED _c22.07.2011 _lф / _k |
||
| 999 |
_c14466 _d14466 |
||